000 00307 a2200157 4500
001 160282
020 _a
040 _cMagnum
100 _aArrabal, Jose
240 1 0 _aO sapo e a jiboia
_lpor
245 1 0 _aO sapo e a jiboia
362 0 _a1899
440 1 _aFTD
697 _aIJ/FABULAS
942 _cBK
999 _c160282
_d160282